Veľtrhy v pohybe

Veľtrh ako marketingový nástroj. Rok 2002 v slovenskom výstavníctve. Organizátori výstav podľa objemov reklamy. Aký podiel z rozpočtu patrí veľtrhom. Návštevníci na veľtrhu.

Gespeichert in:
Bibliographische Detailangaben
1. Verfasser: Baluška, Marek
Format: Buchkapitel
Sprache:Slowakisch
Schlagworte:
Tags: Tag hinzufügen
Keine Tags, Fügen Sie das erste Tag hinzu!

MARC

LEADER 00000naa$a2200000$$$4500
001 0002213
005 20231003080316.2
041 0 |a slo 
044 |a SK 
245 1 0 |a Veľtrhy v pohybe  |c aut. Marek Baluška 
520 |a Veľtrh ako marketingový nástroj. Rok 2002 v slovenskom výstavníctve. Organizátori výstav podľa objemov reklamy. Aký podiel z rozpočtu patrí veľtrhom. Návštevníci na veľtrhu. 
610 2 0 |a veľtrhy 
610 2 0 |a nástroje marketingové 
610 2 0 |a organizácia 
610 2 0 |a financie 
100 1 |a Baluška, Marek